000 00712cab a2200253 4500
001 ABS37301
008 090401t xxu||||| |||| 00| 0 eng d
035 _a(Sirsi) u3614
041 _aeng
100 _aMillard, P.
245 _aFarm forestry Scandanavian style
350 _a0
490 _aCountry Landowner
_v40(2) 15-18 (2)
520 _aDescribes how a landowner of 120 acres of woodland in Wiltshire has successfully adapted woodland management practices learned in Scandanavia .
650 _aADAS
650 _aDENMARK
650 _aFARM FORESTRY
650 _aFORESTRY COMMISSION
650 _aNORWAY
650 _aSWEDEN
690 _aRURAL PRACTICE
942 _n0
948 _c04/03/1997
999 _c2220
_d2220